[Event "Frankfurt-chA"]
[Site "Frankfurt"]
[Date "2019.05.06"]
[Round "2"]
[White "Weber, Samuel"]
[Black "Hochmuth, Christian"]
[Result "1/2-1/2"]
[WhiteElo "2147"]
[BlackElo "1928"]
[PlyCount "72"]
[EventDate "2019.04.29"]
[EventType "swiss"]
[EventRounds "7"]
[EventCountry "GER"]
[SourceTitle "EXT 2020"]
[Source "ChessBase"]
[SourceDate "2019.10.17"]
[SourceVersion "1"]
[SourceVersionDate "2019.10.17"]
[SourceQuality "1"]

1. c4 Nf6 2. g3 g6 3. Bg2 d5 4. cxd5 Nxd5 5. Nc3 Nxc3 6. bxc3 Bg7 7. h4 h5 8. Qb3 c6 9. Nh3 Qb6 10. 0-0 Qxb3 11. axb3 0-0 12. Ba3 Re8 13. d4 e5 14. e3 exd4 15. cxd4 Be6 16. Nf4 Nd7 17. Nxe6 fxe6 18. Bd6 a6 19. Ra5 Bf6 20. Rd1 Rac8 21. e4 Be7 22. Bxe7 Rxe7 23. Rg5 Kh7 24. Bh3 Rd8 25. d5 cxd5 26. exd5 Nf6 27. Re5 Rxd5 28. Rdxd5 Nxd5 29. Bxe6 Nf6 30. f4 Kg7 31. Kf1 Ng4 32. Re2 Kf6 33. Bc8 Rc7 34. Bxg4 hxg4 35. Re3 Rc2 36. Rd3 Ke6 1/2-1/2

[Event "Frankfurt-chA"]
[Site "Frankfurt"]
[Date "2019.04.30"]
[Round "1"]
[White "Hochmuth, Christian"]
[Black "Henrich, Frederik"]
[Result "1-0"]
[WhiteElo "1928"]
[BlackElo "1561"]
[PlyCount "67"]
[EventDate "2019.04.29"]
[EventType "swiss"]
[EventRounds "7"]
[EventCountry "GER"]
[SourceTitle "EXT 2020"]
[Source "ChessBase"]
[SourceDate "2019.10.17"]
[SourceVersion "1"]
[SourceVersionDate "2019.10.17"]
[SourceQuality "1"]

1. Nf3 Nf6 2. c4 Nc6 3. d4 d5 4. Nc3 Bg4 5. Ne5 dxc4 6. Nxg4 Nxg4 7. e3 Nf6 8. Bxc4 e6 9. 0-0 Be7 10. a3 a6 11. b4 0-0 12. Bb2 Na7 13. Qc2 c6 14. Bd3 Nb5 15. Nxb5 cxb5 16. e4 Rc8 17. Qe2 g6 18. f4 Qb6 19. Kh1 Nh5 20. g4 Ng7 21. Rae1 Bh4 22. Rd1 Bf6 23. e5 Be7 24. f5 exf5 25. gxf5 gxf5 26. d5 Kh8 27. Bxf5 Nxf5 28. Rxf5 Qg6 29. Qf3 Rc2 30. Bd4 Rg8 31. Rxf7 Rd2 32. Rxd2 Qb1+ 33. Rd1 Qa2 34. e6+ 1-0

[Event "Eschborn op"]
[Site "Eschborn"]
[Date "2017.10.15"]
[Round "5"]
[White "Schneider, Johannes"]
[Black "Hochmuth, Christian"]
[Result "1/2-1/2"]
[WhiteElo "1858"]
[BlackElo "1888"]
[PlyCount "68"]
[EventDate "2017.10.13"]
[EventType "swiss"]
[EventRounds "5"]
[EventCountry "GER"]
[SourceTitle "EXT 2019"]
[Source "ChessBase"]
[SourceDate "2018.10.10"]
[SourceVersion "1"]
[SourceVersionDate "2018.10.10"]
[SourceQuality "1"]

1. e4 c6 2. d4 d5 3. Nc3 dxe4 4. Nxe4 Nd7 5. Bd3 Ngf6 6. Nxf6+ Nxf6 7. Nf3 Bg4 8. c3 e6 9. Bg5 Qd5 10. Bxf6 Bxf3 11. gxf3 gxf6 12. Qe2 Bh6 13. Bc4 Qd6 14. a4 a5 15. Rd1 0-0-0 16. Qe4 Bf4 17. h3 f5 18. Qe2 Rhg8 19. Qc2 Rg2 20. Bf1 Rg6 21. Qe2 Rdg8 22. Qc4 Qc7 23. b4 axb4 24. cxb4 e5 25. d5 Rd6 26. dxc6 Rxc6 27. Qd5 Rc1 28. Be2 Qc3+ 29. Kf1 Rxd1+ 30. Qxd1 Qxb4 31. Qc2+ Kb8 32. Rg1 Rxg1+ 33. Kxg1 e4 34. Qc4 Qxc4 1/2-1/2

[Event "Frankfurt-chA"]
[Site "Frankfurt"]
[Date "2016.05.09"]
[Round "3"]
[White "Hochmuth, Christian"]
[Black "Weiland, Thomas"]
[Result "1-0"]
[WhiteElo "1839"]
[BlackElo "1673"]
[PlyCount "53"]
[EventDate "2016.04.25"]
[EventType "swiss"]
[EventRounds "9"]
[EventCountry "GER"]
[SourceTitle "EXT 2018"]
[Source "ChessBase"]
[SourceDate "2017.10.13"]
[SourceVersion "1"]
[SourceVersionDate "2017.10.13"]
[SourceQuality "1"]

1. d4 f5 2. Nf3 d6 3. g3 Nf6 4. Bg2 g6 5. 0-0 Bg7 6. Nbd2 0-0 7. Re1 c6 8. c3 d5 9. Ne5 Nbd7 10. Nd3 a5 11. f3 Qb6 12. Qb3 Qxb3 13. axb3 b6 14. e4 fxe4 15. fxe4 e6 16. Bh3 Re8 17. e5 Nh5 18. g4 Ba6 19. c4 dxc4 20. bxc4 Bh6 21. gxh5 Bxd2 22. Bxd2 Bxc4 23. Nf2 gxh5 24. Ne4 Bd5 25. Nc3 Bc4 26. Bg2 Rac8 27. Ne4 1-0

[Event "Frankfurt-chA"]
[Site "Frankfurt"]
[Date "2015.06.08"]
[Round "6"]
[White "Hochmuth, Christian"]
[Black "Kuhn, Gerhard"]
[Result "1/2-1/2"]
[WhiteElo "1795"]
[BlackElo "1912"]
[PlyCount "41"]
[EventDate "2015.04.27"]
[EventType "swiss"]
[EventRounds "7"]
[EventCountry "GER"]
[SourceTitle "EXT 2016"]
[Source "ChessBase"]
[SourceDate "2015.10.08"]
[SourceVersion "1"]
[SourceVersionDate "2015.10.08"]
[SourceQuality "1"]

1. e4 c6 2. d4 d5 3. exd5 cxd5 4. Bd3 Nc6 5. c3 Nf6 6. Bf4 Bg4 7. Qb3 Qc8 8. Nd2 e6 9. Ngf3 Be7 10. 0-0 0-0 11. Ne5 Bh5 12. Rac1 Nxe5 13. Bxe5 Bg6 14. Qc2 a6 15. f4 Bxd3 16. Qxd3 Qd7 17. f5 Rad8 18. fxe6 fxe6 19. Qh3 Rde8 20. Bxf6 Rxf6 21. Rxf6 1/2-1/2

[Event "Frankfurt-chA"]
[Site "Frankfurt"]
[Date "2014.06.16"]
[Round "7"]
[White "Seifert, Norbert"]
[Black "Hochmuth, Christian"]
[Result "1/2-1/2"]
[WhiteElo "1867"]
[BlackElo "1770"]
[PlyCount "48"]
[EventDate "2014.04.28"]
[EventType "swiss"]
[EventRounds "7"]
[EventCountry "GER"]
[SourceTitle "EXT 2015"]
[Source "ChessBase"]
[SourceDate "2014.11.20"]
[SourceVersion "1"]
[SourceVersionDate "2014.11.20"]
[SourceQuality "1"]

1. e4 c6 2. d4 d5 3. Nc3 dxe4 4. Nxe4 Nd7 5. Nf3 Ngf6 6. Ng3 e6 7. Bd3 Bd6 8. 0-0 0-0 9. Re1 c5 10. c3 cxd4 11. cxd4 b6 12. Ne4 Be7 13. Ne5 Bb7 14. Ng5 h6 15. Nh3 Re8 16. Nf4 Nxe5 17. dxe5 Nh7 18. Qg4 Bg5 19. Bb5 Re7 20. Nh5 g6 21. f4 gxh5 22. Qxh5 Qd5 23. Bf1 Bf6 24. Rd1 Qc5+ 1/2-1/2

[Event "Frankfurt-chA"]
[Site "Frankfurt"]
[Date "2014.05.05"]
[Round "2"]
[White "Hochmuth, Christian"]
[Black "Cichon, Joerg"]
[Result "1/2-1/2"]
[WhiteElo "1770"]
[BlackElo "1649"]
[PlyCount "72"]
[EventDate "2014.04.28"]
[EventType "swiss"]
[EventRounds "7"]
[EventCountry "GER"]
[SourceTitle "EXT 2015"]
[Source "ChessBase"]
[SourceDate "2014.11.20"]
[SourceVersion "1"]
[SourceVersionDate "2014.11.20"]
[SourceQuality "1"]

1. d4 Nf6 2. Nf3 g6 3. c4 Bg7 4. Nc3 d6 5. g3 0-0 6. Bg2 a6 7. 0-0 Nbd7 8. Qc2 c6 9. e4 e5 10. dxe5 dxe5 11. b3 Qc7 12. Ba3 c5 13. Bb2 b6 14. Rfe1 Bb7 15. Rad1 Rfd8 16. Nd5 Nxd5 17. exd5 Qd6 18. Ng5 Nf8 19. Bh3 Re8 20. Re2 Bc8 21. Bxc8 Raxc8 22. Rde1 f5 23. f3 h6 24. Nh3 Nd7 25. Nf2 Re7 26. Bc3 Rce8 27. Qb2 Kh7 28. a4 a5 29. Qc2 Rf8 30. Kg2 Rfe8 31. Qb2 Kg8 32. g4 Kh7 33. gxf5 gxf5 34. Nh1 Qg6+ 35. Kf1 Qh5 36. Rf2 Qh3+ 1/2-1/2

[Event "Main Vogelsberg op 7th"]
[Site "Hanau"]
[Date "2012.06.09"]
[Round "5"]
[White "Hochmuth, Christian"]
[Black "Blosze, Winfried"]
[Result "0-1"]
[WhiteElo "1766"]
[BlackElo "1898"]
[PlyCount "107"]
[EventDate "2012.06.07"]
[EventType "swiss"]
[EventRounds "7"]
[EventCountry "GER"]
[SourceTitle "EXT 2013"]
[Source "ChessBase"]
[SourceDate "2012.11.22"]
[SourceVersion "1"]
[SourceVersionDate "2012.11.22"]
[SourceQuality "1"]

1. Nf3 d5 2. g3 Nf6 3. Bg2 Nc6 4. d4 Bf5 5. c3 Qd7 6. Nbd2 Bh3 7. 0-0 Bxg2 8. Kxg2 e6 9. Qc2 Bd6 10. e4 dxe4 11. Nxe4 Be7 12. Re1 h6 13. Bd2 Rd8 14. Rad1 Qd5 15. b3 Qh5 16. Nxf6+ Bxf6 17. Qe4 0-0 18. Bf4 Rd7 19. h3 Qa5 20. Qc2 Rfd8 21. b4 Qd5 22. Qb3 Qxb3 23. axb3 a6 24. Ne5 Bxe5 25. Bxe5 f6 26. Bf4 e5 27. Bd2 exd4 28. c4 Kf7 29. f4 Re7 30. b5 axb5 31. cxb5 Na7 32. b6 cxb6 33. Kf3 Nc6 34. Rxe7+ Kxe7 35. Ke4 Ke6 36. g4 Ra8 37. h4 Ra3 38. f5+ Kf7 39. Rb1 Ra2 40. Bf4 Re2+ 41. Kf3 Re8 42. Bc7 b5 43. Bb6 Ne5+ 44. Kg3 d3 45. Rd1 Rc8 46. Bd4 Rd8 47. Bb6 Rd6 48. Bc7 Rd5 49. Kf4 Rd4+ 50. Ke3 Rxg4 51. Rh1 Rb4 52. Bxe5 fxe5 53. Kxd3 Rxb3+ 54. Ke4 0-1